000
00200 a2200097 4500
001
15470
100
_a
Raschid, M S
245
_a
Iqbals Concept of God
260
_a
_b
K P I
_c
090
_c
12093
_d
12093
942
_a
NUST-CAE
_c
M
_c
2329
999
_c
250543
_d
250543